| 000 | 00972nac a22002891i 4500 | ||
|---|---|---|---|
| 003 | EG-ScBUE | ||
| 005 | 20230712103806.0 | ||
| 008 | 230712s2002 enkab f 001 0 eng d | ||
| 020 | _a0415286093 | ||
| 020 | _a9780415286091 | ||
| 035 | _a(OCoLC)ocm51032575 | ||
| 040 |
_aEG-ScBUE _beng _erda _cEG-ScBUE _dEG-ScBUE |
||
| 082 | 0 | 4 |
_a910.285 _bVER _222 |
| 100 | 1 |
_aVerbyla, David L., _eauthor. |
|
| 245 | 1 | 0 |
_aPractical GIS analysis / _cDavid L. Verbyla. |
| 264 | 1 |
_aLondon ; _aNew York : _bTaylor & Francis, _c2002. |
|
| 300 |
_aix, 294 pages : _billustrations, maps ; _c26 cm |
||
| 336 |
_2rdacontent _atext _btxt |
||
| 337 |
_2rdamedia _aunmediated _bn |
||
| 338 |
_2rdacarrier _avolume _bnc |
||
| 500 | _aIncludes index. | ||
| 500 | _aIncludes appendix. | ||
| 650 | 7 |
_aGeographic information systems. _vBUEsh |
|
| 655 | _vReading book | ||
| 856 | 4 | 2 |
_3Publisher description _uhttp://www.loc.gov/catdir/enhancements/fy0646/2005280445-d.html |
| 942 |
_cBB _2ddc |
||
| 999 |
_c650 _d650 |
||